000 00667nam a2200289Ia 4500
005 20260324111438.0
008 008 260324s9999 xx 000 0 eng d
020 _a9781003582724
037 _aEBOOK
040 _aCRL
040 _beng
040 _cCRL
041 _2eng
041 _aeng
084 _qCRL
100 _aFlorence Guesnet
_91138591
245 0 _aCourage at Work
245 0 _bYour Path to Strong Leadership
260 _bTaylor and Francis
260 _c2025
365 _a
365 _b220
856 _uhttp://www.taylorfrancis.com/books/9781003582724
942 _cEBOOK
999 _c1727417
_d1727417